Historia Universal (Registro nro. 634)
[ vista simple ]
| 000 -CABECERA | |
|---|---|
| fixed length control field | 00526nam a2200193Ia 4500 |
| 008 - ELEMENTOS DE LONGITUD FIJA-INFORMACION GENERAL | |
| fixed length control field | 221202s9999 xx 000 0 und d |
| 020 ## - NUMERO INTERNACIONAL NORMALIZADO PARA LIBROS | |
| Número Internacional Normalizado del libro | 9507825843 |
| 040 ## - FUENTE DE CATALOGACION | |
| Agencia de catalogación original | AR-BeUNQ |
| Idioma de catalogación | ESPAÑOL |
| Convenciones de la descripción | aacr |
| 110 ## - ASIENTO PRINCIPAL-NOMBRE CORPORATIVO | |
| Nombre corporativo o de jurisdicción como elemento de entrada | Clarín |
| 245 #0 - MENCION DE TITULO | |
| Título | Historia Universal |
| 250 ## - MENCION DE EDICION | |
| Mención de edición | 1a ed. |
| 260 ## - PUBLICACION, DISTRIBUCION, ETC. | |
| Lugar de publicación, distribución, etc. | Ciudad Autónoma de Buenos Aires |
| Nombre del editor, distribuidor, etc. | AGEA, |
| Fecha de publicación, distribución, etc | 2005 |
| 300 ## - DESCRIPCION FISICA | |
| Extensión | 11p. ; |
| Otros detalles físicos | v.1 ; il. ; |
| Dimensiones | 28 x 22 cm |
| 546 ## - NOTA DE IDIOMA | |
| Nota de idioma | Español |
| 653 ## - TERMINO DE INDIZACION - NO CONTROLADO | |
| Término de indización no controlado | Historia Antigua |
| 653 ## - TERMINO DE INDIZACION - NO CONTROLADO | |
| Término de indización no controlado | Historia Universal |
| 929 ## - DATOS DE ADQUISICION | |
| Proveedor | Biblioteca Begui |
| Fecha de recibido | 2019 |
| Procedencia | DONACION |
| 942 ## - ELEMENTOS DE PUNTO DE ACCESO ADICIONAL (KOHA) | |
| Tipo de ítem Koha | Libros |
| Suppress in OPAC | 0 |
| Estado de retiro | Estado de pérdida | Fecha de ingreso | Total Checkouts | Signatura topográfica completa | Inventario | Date last seen | Tipo de ítem Koha |
|---|---|---|---|---|---|---|---|
| 02/12/2022 | 909 HIS | 59703 | 02/12/2022 | Libros |